Ciencia falsa y pseudo ciencias / (Record no. 173058)

MARC details
000 -LEADER
campo de control de longitud fija 00590nam a22002055i 4500
001 - NÚMERO DE CONTROL
campo de control 173058
003 - IDENTIFICADOR DE NÚMERO DE CONTROL
campo de control ES-MaACL
005 - FECHA Y HORA DE LA ÚLTIMA TRANSACCIÓN
campo de control 20250814011835.0
008 - DATOS DE LONGITUD FIJA--INFORMACIÓN GENERAL
campo de control de longitud fija 091021s1961 sp |||| | spa d
080 ## - NÚMERO DE LA CLASIFICACIÓN DECIMAL UNIVERSAL
Número de la Clasificación Decimal Universal 574(4)
100 1# - ENTRADA PRINCIPAL--NOMBRE DE PERSONA
Nombre de persona Rostand, Jean.
9 (RLIN) 99922
245 10 - MENCIÓN DEL TÍTULO
Título Ciencia falsa y pseudo ciencias /
Mención de responsabilidad, etc. Jean Rostand.
260 ## - PUBLICACIÓN, DISTRIBUCIÓN, ETC.
Lugar de publicación, distribución, etc. Madrid :
Nombre del editor, distribuidor, etc. Tecnos,
Fecha de publicación, distribución, etc. [1961]
300 ## - DESCRIPCIÓN FÍSICA
Extensión 223 p. ;
Dimensiones 20 cm.
490 1# - MENCIÓN DE SERIE
Mención de serie Ventana abierta ;
Designación de volumen o secuencia 3
650 17 - PUNTO DE ACCESO ADICIONAL DE MATERIA--TÉRMINO DE MATERIA
Término de materia o nombre geográfico como elemento de entrada Biología
Fuente del encabezamiento o término embne
9 (RLIN) 10580
830 0# - PUNTO DE ACCESO ADICIONAL DE SERIE-TÍTULO UNIFORME
Título uniforme Ventana abierta
Designación de volumen o secuencia 3
9 (RLIN) 179022
852 ## - LOCALIZACIÓN
Ubicación ES-MaACL
Número de control de estantería C-26875
itemnumber R.55710
Holdings
Estatus retirado Estado de pérdida Estado de daño No para préstamo Biblioteca de origen Biblioteca actual Ubicación en estantería Fecha de adquisición Fuente de adquisición Total de préstamos Signatura topográfica completa Código de barras Visto por última vez Precio de reemplazo Tipo de ítem Koha
        Biblioteca del Ateneo de Madrid Biblioteca del Ateneo de Madrid Depósito 2 21/10/2009     C-26875 1181589 23/02/2023 23/02/2023 Libro impreso